| 000 | 01276cab a22002535a 4500 | ||
|---|---|---|---|
| 001 | L159118 | ||
| 008 | 160201s2015 xxk 000 0 eng d | ||
| 020 | _a978129207854 | ||
| 035 | _a(Sirsi) u159118 | ||
| 041 | 0 | _aeng | |
| 100 | 1 | _aSmith, Roger | |
| 245 | 0 | 0 |
_aProperty law cases and materials _h[electronic resource] |
| 260 |
_a[S.I.] _bPearson Education _c2015 |
||
| 300 | _aeBook | ||
| 520 | _aDiscusses the basic principles of property law and human rights in relation to property ownership and interests in land and chattels. Looks at the original acquisition of property interests, the transfer, creation, formation and use of trusts, the use of estoppel, the position of the family home, land charges and registration of title. Concludes with coverage of rights to enjoy land, estates and commonhold which includes concurrent ownershp such as joint tenancy and tenants in common, trusts of land, leases licenses to occupy. Case law referred to throughout. | ||
| 590 | _aKA | ||
| 650 | 2 | 4 | _aEBOOK |
| 650 | 2 | 4 | _aPROPERTY OWNERSHIP |
| 650 | 2 | 4 | _aLAND REGISTRATION |
| 651 | 4 |
_aEngland and Wales _y1543- |
|
| 690 |
_aLand use _96251 |
||
| 856 | 4 | 0 |
_uhttps://www.vlebooks.com/ _zView on VLEbooks. Logins for members only from [email protected] |
| 942 | _n0 | ||
| 999 |
_c115684 _d115684 |
||